Statistics for All U.S. Supreme Court Justices

Click here to take the quiz!

General Stats

  • This quiz has been taken 24,920 times
    (12,852 since last reset)
  • The average score is 6 of 9

Answer Stats

ConfirmedJustice% Correct
2018Brett Kavanaugh
83%
2020Amy Coney Barrett
82%
1991Clarence Thomas
82%
2009Sonia Sotomayor
81%
2005John Roberts
75%
2017Neil Gorsuch
63%
2010Elena Kagan
61%
2022Ketanji Brown Jackson
61%
2006Samuel Alito
60%

Score Distribution

Percentile by Number Answered

Percent of People with Each Score

Your Score History

You have not taken this quiz since the last reset